RICS Valuation - Global Standards 2020 (Record no. 121167)

MARC details
000 -LEADER
fixed length control field 01149cam a22002295a 4500
001 - CONTROL NUMBER
control field K121167
008 - FIXED-LENGTH DATA ELEMENTS--GENERAL INFORMATION
fixed length control field 170627s2019 xxk f 000 0 eng d
035 ## - SYSTEM CONTROL NUMBER
System control number (Sirsi) u159427
041 0# - LANGUAGE CODE
Language code of text/sound track or separate title eng
110 2# - MAIN ENTRY--CORPORATE NAME
Corporate author Royal Institution of Chartered Surveyors
245 00 - TITLE STATEMENT
Title RICS Valuation - Global Standards 2020
Subtitle Basis for conclusion
260 ## - PUBLICATION INFORMATION
Place of publication London
Publisher RICS
Date 2019
520 ## - ABSTRACT
Abstract The Basis for Conclusions explains the rationale behind the more significant changes made in the final version of the Red Book 2020 (K121166). Specifically, it addresses the main refinements made in consequence of the responses received to the public consultation. It has been produced purely to assist the reader and does not form part of the standards.
590 ## - LOCAL NOTE (RLIN)
Local note NTK
650 24 - KEYWORDS
Keywords RICS VALUATION STANDARDS
650 24 - KEYWORDS
Keywords INTERNATIONAL VALUATION STANDARDS 2020
650 24 - KEYWORDS
Keywords RED BOOK
651 #4 - SUBJECT ADDED ENTRY--GEOGRAPHIC NAME
Geographic name International
690 ## - BROAD SUBJECT
Broad subject Valuation
9 (RLIN) 6273
856 40 - ONLINE RESOURCE
Uniform Resource Identifier <a href="https://www.rics.org/globalassets/rics-website/media/upholding-professional-standards/sector-standards/valuation/red-book-global--basis-for-conclusions.pdf">https://www.rics.org/globalassets/rics-website/media/upholding-professional-standards/sector-standards/valuation/red-book-global--basis-for-conclusions.pdf</a>
Public note View the item at rics.org
942 ## - ADDED ENTRY ELEMENTS (KOHA)
Suppress in OPAC Do not suppress in OPAC
Holdings
Lost status Damaged status Not for loan Home library Current library Shelving location Date acquired Total Checkouts Date last seen Price effective from Koha item type
      Virtual Virtual Online 28/11/2019   28/11/2019 28/11/2019 Online material